Приветствия и рапорта VII Съезду Советов СССР

RUSMARC
00004719nmc2a22003373x 450
00193fc62f9-c5d8-4fa2-9492-4d16416c1c69
00520250725050227.0
100##$a20250613l19341935k y0rusy50 ca
1010#$arus
102##$aRU
105##$aa z |||||
1222#$ad19341228
$ad19351231
2001#$aПриветствия и рапорта VII Съезду Советов СССР
$j28.12.1934 - 1935
215##$a58 листов
$cил.
$d38,7 х 25,5
251##$cДело
300##$aЗаголовок дела на папке: Приветствия и рапорты 7 Съезду Советов СССР
300##$aЛисты: 58 листов, в том числе: литерные номера листов 40а; 38, 39, 40 - идут после листа 22
300##$aВ деле имеются телеграммы
300##$aЧасть текста машинописная и рукописная, часть - напечатана типографским способом
330##$aВходит в раздел описи: Протокольная часть
461#0$1001RuPRLIB520124725
$12001
$aЦЕНТРАЛЬНЫЙ ИСПОЛНИТЕЛЬНЫЙ КОМИТЕТ СССР (ЦИК СССР).
$1251
$cФонд
$1852
$gР
$j3316
462#0$1001RuPRLIB520125305
$12001
$aДела Секретариата Президиума ЦИК Союза ССР за 1934 год
$vД. 381
$1251
$cОпись
$1852
$j27
5171#$aПриветствия и рапорты 7 Съезду Советов СССР
6011|$3RU\NLR\AUTH\661048804
$aСССР. Съезд советов 7-й
605##$3DITM\AF\0000002775
$aВласть
$lколлекция
$2acquisition_prlib
6101#$aПриветствия
$aРапорты
686##$a67.401.011.12ю1
$cПраво
$2rubbk
686##$a63.3(2)614-332ю1
$cИстория
$2rubbk
801#0$aRU
$bGA_RF
801#1$aRU
$bГлавНИВЦ
$c20250613
$2rusmarc
801#2$aRU
$bПБ им. Б.Н. Ельцина
$c20250725
$gRCR
$2rusmarc
852##$aГА РФ
$j381
937##$d197603981
$hГАРФ
035##$aRuPRLIB51079520
856##$uhttp://readingroom.main.prlib.ru/item.aspx?id_node=n197603981&mode=full
Формат отображения